书目信息 |
| 题名: |
宗教改革与德国近代化道路
|
|
| 作者: | 朱孝远 著 | |
| 分册: | ||
| 出版信息: | 桂林 广西师范大学出版社 2019 |
|
| 页数: | 363页 | |
| 开本: | 21cm | |
| 丛书名: | ||
| 单 册: | ||
| 中图分类: | K516.32 , K516 | |
| 科图分类: | ||
| 主题词: | 宗教改革--研究--德国 | |
| 电子资源: | ||
| ISBN: | 978-7-5598-2052-5 | |
| 000 | 01179nam0 2200241 450 | |
| 001 | 2351316824 | |
| 005 | 20231017141533.55 | |
| 010 | @a978-7-5598-2052-5@b精装@dCNY82.00 | |
| 100 | @a20191128d2019 em y0chiy50 ea | |
| 101 | 0 | @achi |
| 102 | @aCN@b450000 | |
| 105 | @ay z 000yy | |
| 200 | 1 | @a宗教改革与德国近代化道路@Azong jiao gai ge yu de guo jin dai hua dao lu@f朱孝远著 |
| 210 | @a桂林@c广西师范大学出版社@d2019 | |
| 215 | @a363页@d21cm | |
| 300 | @a朱孝远文集 | |
| 330 | @a本书稿具体考察了16世纪初期德国特殊的政治条件和社会条件,从中总结出宗教改革运动爆发的背景和政治经济因素;进而分析宗教改革家为进行改革而采用的策略、改革的过程;接下来,书稿研究了普通人的大革命,包括发生在城市中的基督教社区宗教改革和发生在农村的德国农民战争--着重分析了普通人革命与德国宗教改革的关系。同时,书稿还涉及宗教改革时期社会的变迁,包括婚姻的世俗化、对禁欲主义的批判和新的教育制度的兴起。最后主要分析宗教改革运动的影响,即分析宗教改革和德国农民战争在哪些方面促进了德国近代化。 | |
| 606 | 0 | @a宗教改革@x研究@y德国 |
| 690 | @aK516.32@v5 | |
| 690 | @aK516@v4 | |
| 701 | 0 | @a朱孝远@Azhu xiao yuan@4著 |
| 801 | 0 | @aCN@b大连网信软件有限公司图书馆·11@c20231017 |
| 905 | @aZUCC@dK516@e8 | |
| 宗教改革与德国近代化道路/朱孝远著.-桂林:广西师范大学出版社,2019 |
| 363页;21cm |
| 朱孝远文集 |
| ISBN 978-7-5598-2052-5(精装):CNY82.00 |
| 本书稿具体考察了16世纪初期德国特殊的政治条件和社会条件,从中总结出宗教改革运动爆发的背景和政治经济因素;进而分析宗教改革家为进行改革而采用的策略、改革的过程;接下来,书稿研究了普通人的大革命,包括发生在城市中的基督教社区宗教改革和发生在农村的德国农民战争--着重分析了普通人革命与德国宗教改革的关系。同时,书稿还涉及宗教改革时期社会的变迁,包括婚姻的世俗化、对禁欲主义的批判和新的教育制度的兴起。最后主要分析宗教改革运动的影响,即分析宗教改革和德国农民战争在哪些方面促进了德国近代化。 |
| ● |
| 相关链接 |
|
|
|
正题名:宗教改革与德国近代化道路
索取号:K516/8
 
预约/预借
| 序号 | 登录号 | 条形码 | 馆藏地/架位号 | 状态 | 备注 |
| 1 | 2001029463 | 2001029463 | 第四书库/四33架B面2层6列/ [索取号:K516/8] | 在馆 | |
| 2 | 2001029464 | 2001029464 | 第四书库/四33架B面2层6列/ [索取号:K516/8] | 在馆 | |
| 3 | 2001029465 | 2001029465 | 第四书库/四33架B面2层6列/ [索取号:K516/8] | 在馆 | |
| 4 | 2001029466 | 2001029466 | 第四书库/四33架B面2层6列/ [索取号:K516/8] | 在馆 | |
| 5 | 2001029467 | 2001029467 | 第四书库/四33架B面2层6列/ [索取号:K516/8] | 在馆 | |
| 6 | 2001029468 | 2001029468 | 第四书库/四33架B面2层6列/ [索取号:K516/8] | 在馆 |